| 000 | 00465nam a2200181Ia 4500 | ||
|---|---|---|---|
| 005 | 20240921120659.0 | ||
| 008 | 240921s9999||||xx |||||||||||||| ||und|| | ||
| 041 | _aENGLISH | ||
| 082 | _A519.4 M7 | ||
| 100 | _aJain M K | ||
| 245 | 0 | _aNumerical Methods for Scientific and Engineering Computation | |
| 250 | _a2nd | ||
| 260 |
_c1987 _bWiley,New Delhi |
||
| 500 | _aDirect Methods | ||
| 650 |
_aNumerical Methods _bMathematics |
||
| 942 | _cBK | ||
| 999 |
_c247302 _d247302 |
||